| 000 | 01364nam0a22003131 4500 | ||
|---|---|---|---|
| 001 | rc\2196141 | ||
| 005 | 20110829164554.6 | ||
| 035 | _a(NLR Aleph) 006693265 | ||
| 090 |
_a5167767 _c5167767 |
||
| 100 | _a20110829d1978 |||y0rusy50 ca | ||
| 101 | 0 | _arus | |
| 102 | _aRU | ||
| 105 | _aa z ||||| | ||
| 200 | 1 |
_aМетоды номографии для определения оптимальных параметров элементов оросительных систем при поливе дождеванием _fС.И. Гусев, С.Н. Никулин, Г.С. Хованский, Г.Ю. Шейнкин |
|
| 210 |
_aСаратов _cИзд-во Сарат. ун-та _d1978 |
||
| 215 |
_a194 с. _cил. _d20 |
||
| 320 | _aБиблиогр.: с. 126-128 (31 назв.) | ||
| 606 |
_aДождевальные установки _xНомографический расчет _2psbo |
||
| 701 | 1 |
_aХованский _bГ. С. |
|
| 701 | 1 |
_aШейнкин _bГ. Ю. |
|
| 701 | 1 |
_aНикулин _bС. Н. |
|
| 701 | 1 |
_aГусев _bС. И. _cканд. техн. наук, номография _f1936-2006 _gСтанислав Иванович _3RU\NLR\AUTH\770249282 |
|
| 801 | 0 |
_aRU _bNLR _gpsbo |
|
| 801 | 1 |
_aRU _bELAR _2rusmarc |
|
| 852 |
_aNLR _j80-3/4921 |
||
| 899 |
_aRuMoRGB _jБ 79-33/179 |
||
| 899 |
_aRuMoRGB _jБ 79-33/180 |
||
| 942 | _cBOOK | ||
| 980 | _aNB | ||